| 000 | 00358nam a2200133 4500 | ||
|---|---|---|---|
| 999 |
_c12823 _d12823 |
||
| 008 | 210608b ||||| |||| 00| 0 eng d | ||
| 082 | 0 | 0 |
_a623.880941 _bH6779 |
| 110 |
_95042 _aMinistry of Defence |
||
| 245 | 1 | 0 | _aAdmiralty manual of seamanship / |
| 260 |
_aLondon: _bHMSO, _cc1995. |
||
| 300 | _a. | ||
| 650 | 0 | _aSeamanship | |
| 942 |
_2ddc _cBK |
||